[Event "April 9 Late 2024"]
[Site "Chess.com"]
[Date "2024.04.09"]
[Round "8"]
[White "Reinecke, Katharina"]
[Black "Da Silva, Giovanni B Tavares"]
[Result "0-1"]
[Board "130"]
[WhiteFideId "12929727"]
[BlackFideId "22743090"]
[WhiteTitle "WCM"]
[WhiteElo "2024"]
[BlackElo "2239"]
[WhiteTeam "GER"]
[BlackTeam "BRA"]
[WhiteClock "0:00:00"]
[BlackClock "0:00:32"]
[Variant "Standard"]

1. e4 {[%clk 0:03:00]}  c5 {[%clk 0:02:59]} 2. Nf3 {[%clk 0:03:00]}  d6 {[%clk 0:03:00]} 3. Bb5+ {[%clk 0:03:00]}  Bd7 {[%clk 0:03:00]} 4. Bxd7+ {[%clk 0:02:59]}  Qxd7 {[%clk 0:03:01]} 5. O-O {[%clk 0:02:57]}  Nc6 {[%clk 0:03:01]} 6. c3 {[%clk 0:02:55]}  Nf6 {[%clk 0:03:01]} 7. Re1 {[%clk 0:02:54]}  e5 {[%clk 0:03:00]} 8. d4 {[%clk 0:02:44]}  g6 {[%clk 0:03:00]} 9. dxe5 {[%clk 0:02:35]}  dxe5 {[%clk 0:02:59]} 10. Qxd7+ {[%clk 0:02:24]}  Nxd7 {[%clk 0:02:56]} 11. Be3 {[%clk 0:02:22]}  Bg7 {[%clk 0:02:52]} 12. Nbd2 {[%clk 0:02:15]}  b6 {[%clk 0:02:48]} 13. Nc4 {[%clk 0:02:13]}  O-O {[%clk 0:02:47]} 14. Rad1 {[%clk 0:02:11]}  Rad8 {[%clk 0:02:40]} 15. Rd2 {[%clk 0:01:43]}  Nf6 {[%clk 0:02:22]} 16. Bg5 {[%clk 0:01:22]}  Rxd2 {[%clk 0:02:18]} 17. Nfxd2 {[%clk 0:01:17]}  h6 {[%clk 0:02:17]} 18. Bxf6 {[%clk 0:01:14]}  Bxf6 {[%clk 0:02:17]} 19. f3 {[%clk 0:01:14]}  Rd8 {[%clk 0:02:11]} 20. Nf1 {[%clk 0:01:14]}  Bg5 {[%clk 0:02:06]} 21. Nce3 {[%clk 0:01:09]}  Bxe3+ {[%clk 0:02:01]} 22. Rxe3 {[%clk 0:00:51]}  f5 {[%clk 0:02:00]} 23. exf5 {[%clk 0:00:45]}  gxf5 {[%clk 0:02:01]} 24. Re2 {[%clk 0:00:39]}  f4 {[%clk 0:01:49]} 25. g3 {[%clk 0:00:36]}  Kf7 {[%clk 0:01:40]} 26. gxf4 {[%clk 0:00:29]}  exf4 {[%clk 0:01:40]} 27. Re4 {[%clk 0:00:29]}  Kg6 {[%clk 0:01:16]} 28. Rxf4 {[%clk 0:00:29]}  Ne5 {[%clk 0:01:16]} 29. Ng3 {[%clk 0:00:20]}  Nd3 {[%clk 0:01:13]} 30. Re4 {[%clk 0:00:15]}  Nxb2 {[%clk 0:01:10]} 31. Re6+ {[%clk 0:00:15]}  Kg5 {[%clk 0:01:09]} 32. Ne4+ {[%clk 0:00:15]}  Kf4 {[%clk 0:01:08]} 33. Rf6+ {[%clk 0:00:15]}  Ke3 {[%clk 0:01:07]} 34. Rxh6 {[%clk 0:00:15]}  Kxf3 {[%clk 0:01:02]} 35. Ng5+ {[%clk 0:00:15]}  Kg4 {[%clk 0:01:00]} 36. Nf7 {[%clk 0:00:12]}  Rd1+ {[%clk 0:01:00]} 37. Kg2 {[%clk 0:00:12]}  Rd2+ {[%clk 0:01:00]} 38. Kf1 {[%clk 0:00:11]}  Nd3 {[%clk 0:00:56]} 39. Rg6+ {[%clk 0:00:09]}  Kf5 {[%clk 0:00:53]} 40. Rd6 {[%clk 0:00:09]}  c4 {[%clk 0:00:35]} 41. h4 {[%clk 0:00:08]}  Rxa2 {[%clk 0:00:34]} 42. Rd5+ {[%clk 0:00:00]}  Ke6 {[%clk 0:00:32]} 0-1

[Event "April 9 Late 2024"]
[Site "Chess.com"]
[Date "2024.04.09"]
[Round "8"]
[White "Ramirez Madrid, Gerardo Alfonso"]
[Black "Qian, Ashley"]
[Result "1-0"]
[Board "132"]
[WhiteFideId "6505945"]
[BlackFideId "2636280"]
[WhiteTitle "FM"]
[BlackTitle "WCM"]
[WhiteElo "2249"]
[BlackElo "2109"]
[WhiteTeam "CRC"]
[BlackTeam "CAN"]
[WhiteClock "0:00:03"]
[BlackClock "0:00:00"]
[Variant "Standard"]

1. Nf3 {[%clk 0:02:52]}  d5 {[%clk 0:02:58]} 2. g3 {[%clk 0:02:51]}  Nf6 {[%clk 0:02:57]} 3. Bg2 {[%clk 0:02:50]}  e6 {[%clk 0:02:57]} 4. O-O {[%clk 0:02:49]}  Be7 {[%clk 0:02:58]} 5. c4 {[%clk 0:02:48]}  O-O {[%clk 0:02:55]} 6. d4 {[%clk 0:02:48]}  c6 {[%clk 0:02:50]} 7. b3 {[%clk 0:02:47]}  b6 {[%clk 0:02:40]} 8. Nbd2 {[%clk 0:02:46]}  Bb7 {[%clk 0:02:27]} 9. Qc2 {[%clk 0:02:44]}  Nbd7 {[%clk 0:02:21]} 10. e4 {[%clk 0:02:32]}  dxe4 {[%clk 0:02:19]} 11. Nxe4 {[%clk 0:01:59]}  Nxe4 {[%clk 0:02:20]} 12. Qxe4 {[%clk 0:01:59]}  Nf6 {[%clk 0:02:19]} 13. Qe2 {[%clk 0:01:59]}  c5 {[%clk 0:02:17]} 14. Rd1 {[%clk 0:01:57]}  Qc7 {[%clk 0:02:09]} 15. Bf4 {[%clk 0:01:56]}  Qc6 {[%clk 0:02:06]} 16. Nh4 {[%clk 0:01:42]}  Qc8 {[%clk 0:01:58]} 17. d5 {[%clk 0:01:41]}  Re8 {[%clk 0:01:24]} 18. dxe6 {[%clk 0:01:25]}  Bxg2 {[%clk 0:01:19]} 19. exf7+ {[%clk 0:01:22]}  Kxf7 {[%clk 0:01:07]} 20. Kxg2 {[%clk 0:01:19]}  Bd6 {[%clk 0:00:58]} 21. Qd2 {[%clk 0:01:12]}  Qc6+ {[%clk 0:00:57]} 22. Nf3 {[%clk 0:01:10]}  Bxf4 {[%clk 0:00:53]} 23. Qxf4 {[%clk 0:01:09]}  Re2 {[%clk 0:00:53]} 24. Rd6 {[%clk 0:01:05]}  Qe8 {[%clk 0:00:48]} 25. Ng5+ {[%clk 0:01:02]}  Kg8 {[%clk 0:00:39]} 26. Qf5 {[%clk 0:00:55]}  h6 {[%clk 0:00:30]} 27. Nh3 {[%clk 0:00:17]}  Ne4 {[%clk 0:00:15]} 28. Qd5+ {[%clk 0:00:15]}  Kh8 {[%clk 0:00:14]} 29. Rd1 {[%clk 0:00:14]}  Nxd6 {[%clk 0:00:13]} 30. Qxd6 {[%clk 0:00:14]}  Qe4+ {[%clk 0:00:13]} 31. Kg1 {[%clk 0:00:13]}  Re1+ {[%clk 0:00:13]} 32. Rxe1 {[%clk 0:00:12]}  Qxe1+ {[%clk 0:00:13]} 33. Kg2 {[%clk 0:00:12]}  Qe4+ {[%clk 0:00:13]} 34. f3 {[%clk 0:00:13]}  Qe2+ {[%clk 0:00:13]} 35. Nf2 {[%clk 0:00:13]}  Re8 {[%clk 0:00:12]} 36. Qc7 {[%clk 0:00:12]}  Qxa2 {[%clk 0:00:11]} 37. Qb7 {[%clk 0:00:10]}  Qxb3 {[%clk 0:00:05]} 38. Qc6 {[%clk 0:00:07]}  Rf8 {[%clk 0:00:02]} 39. Ng4 {[%clk 0:00:06]}  Qc2+ {[%clk 0:00:02]} 40. Kh3 {[%clk 0:00:06]}  Qxc4 {[%clk 0:00:01]} 41. Nxh6 {[%clk 0:00:05]}  Qf1+ {[%clk 0:00:01]} 42. Kh4 {[%clk 0:00:04]}  Qxf3 {[%clk 0:00:00]} 43. Ng4 {[%clk 0:00:03]} 1-0

[Event "April 9 Late 2024"]
[Site "Chess.com"]
[Date "2024.04.09"]
[Round "8"]
[White "Oliveira, Tiago Batista"]
[Black "Escalante Ramirez, Rafael"]
[Result "0-1"]
[Board "133"]
[WhiteFideId "2108291"]
[BlackFideId "3900177"]
[BlackTitle "CM"]
[WhiteElo "2042"]
[BlackElo "2234"]
[WhiteTeam "BRA"]
[BlackTeam "VEN"]
[WhiteClock "0:00:50"]
[BlackClock "0:00:08"]
[Variant "Standard"]

1. d4 {[%clk 0:03:00]}  Nf6 {[%clk 0:02:58]} 2. c4 {[%clk 0:03:00]}  e6 {[%clk 0:02:58]} 3. g3 {[%clk 0:03:00]}  Bb4+ {[%clk 0:02:58]} 4. Bd2 {[%clk 0:03:00]}  Bxd2+ {[%clk 0:02:58]} 5. Nxd2 {[%clk 0:03:00]}  d5 {[%clk 0:02:57]} 6. Bg2 {[%clk 0:03:00]}  O-O {[%clk 0:02:57]} 7. Ngf3 {[%clk 0:03:00]}  Qe7 {[%clk 0:02:56]} 8. O-O {[%clk 0:03:00]}  Rd8 {[%clk 0:02:54]} 9. Qc2 {[%clk 0:02:59]}  c5 {[%clk 0:02:23]} 10. cxd5 {[%clk 0:02:57]}  cxd4 {[%clk 0:02:23]} 11. dxe6 {[%clk 0:02:55]}  Bxe6 {[%clk 0:02:22]} 12. Nb3 {[%clk 0:02:46]}  Nc6 {[%clk 0:02:21]} 13. Rfd1 {[%clk 0:02:41]}  Rac8 {[%clk 0:02:14]} 14. Qc5 {[%clk 0:02:38]}  Qe8 {[%clk 0:01:34]} 15. Rac1 {[%clk 0:02:24]}  Bxb3 {[%clk 0:01:22]} 16. axb3 {[%clk 0:02:25]}  Qxe2 {[%clk 0:01:22]} 17. Nxd4 {[%clk 0:02:11]}  Nxd4 {[%clk 0:00:52]} 18. Qxc8 {[%clk 0:02:09]}  Qxd1+ {[%clk 0:00:48]} 19. Rxd1 {[%clk 0:02:07]}  Rxc8 {[%clk 0:00:48]} 20. Rxd4 {[%clk 0:02:07]}  b6 {[%clk 0:00:42]} 21. Ra4 {[%clk 0:01:37]}  a5 {[%clk 0:00:39]} 22. Rc4 {[%clk 0:01:33]}  Rxc4 {[%clk 0:00:31]} 23. bxc4 {[%clk 0:01:34]}  Nd7 {[%clk 0:00:30]} 24. Bd5 {[%clk 0:01:29]}  Kf8 {[%clk 0:00:29]} 25. Kf1 {[%clk 0:01:29]}  Ke7 {[%clk 0:00:29]} 26. Ke2 {[%clk 0:01:29]}  f6 {[%clk 0:00:25]} 27. Kd2 {[%clk 0:01:27]}  Kd6 {[%clk 0:00:26]} 28. Kc3 {[%clk 0:01:27]}  Kc5 {[%clk 0:00:24]} 29. f4 {[%clk 0:01:25]}  h6 {[%clk 0:00:23]} 30. Bf7 {[%clk 0:01:22]}  Nb8 {[%clk 0:00:22]} 31. Be8 {[%clk 0:01:19]}  Na6 {[%clk 0:00:22]} 32. Bb5 {[%clk 0:01:16]}  Nb4 {[%clk 0:00:20]} 33. b3 {[%clk 0:01:15]}  Na2+ {[%clk 0:00:20]} 34. Kb2 {[%clk 0:01:11]}  Nb4 {[%clk 0:00:20]} 35. Kc3 {[%clk 0:01:11]}  g5 {[%clk 0:00:20]} 36. fxg5 {[%clk 0:01:09]}  fxg5 {[%clk 0:00:18]} 37. Be8 {[%clk 0:01:06]}  Na6 {[%clk 0:00:16]} 38. Kd3 {[%clk 0:01:05]}  Nc7 {[%clk 0:00:16]} 39. Bd7 {[%clk 0:01:02]}  Na6 {[%clk 0:00:14]} 40. Ke4 {[%clk 0:01:01]}  Kb4 {[%clk 0:00:12]} 41. Ba4 {[%clk 0:00:54]}  Nc5+ {[%clk 0:00:12]} 42. Kf5 {[%clk 0:00:54]}  Nxa4 {[%clk 0:00:12]} 43. bxa4 {[%clk 0:00:54]}  Kxa4 {[%clk 0:00:11]} 44. Kg6 {[%clk 0:00:54]}  Kb4 {[%clk 0:00:10]} 45. Kxh6 {[%clk 0:00:55]}  a4 {[%clk 0:00:10]} 46. Kxg5 {[%clk 0:00:51]}  a3 {[%clk 0:00:11]} 47. h4 {[%clk 0:00:52]}  a2 {[%clk 0:00:11]} 48. h5 {[%clk 0:00:52]}  a1=Q {[%clk 0:00:12]} 49. h6 {[%clk 0:00:52]}  Qh8 {[%clk 0:00:07]} 50. Kg6 {[%clk 0:00:51]}  Kc5 {[%clk 0:00:07]} 51. h7 {[%clk 0:00:51]}  Kd6 {[%clk 0:00:07]} 52. Kh6 {[%clk 0:00:51]}  Ke6 {[%clk 0:00:07]} 53. g4 {[%clk 0:00:51]}  Kf7 {[%clk 0:00:07]} 54. g5 {[%clk 0:00:50]}  Qg7+ {[%clk 0:00:07]} 55. Kh5 {[%clk 0:00:50]}  Qxh7+ {[%clk 0:00:08]} 56. Kg4 {[%clk 0:00:50]}  Qg6 {[%clk 0:00:08]} 0-1

[Event "April 9 Late 2024"]
[Site "Chess.com"]
[Date "2024.04.09"]
[Round "8"]
[White "Golubenko, Valentina"]
[Black "Joubert, Dantelle"]
[Result "1-0"]
[Board "134"]
[WhiteFideId "4501993"]
[BlackFideId "14310813"]
[WhiteTitle "WGM"]
[BlackTitle "WFM"]
[WhiteElo "2224"]
[BlackElo "2026"]
[WhiteTeam "CRO"]
[BlackTeam "RSA"]
[WhiteClock "0:00:19"]
[BlackClock "0:00:09"]
[Variant "Standard"]

1. Nf3 {[%clk 0:03:00]}  Nf6 {[%clk 0:02:58]} 2. g3 {[%clk 0:02:59]}  e6 {[%clk 0:02:54]} 3. Bg2 {[%clk 0:03:00]}  c5 {[%clk 0:02:53]} 4. O-O {[%clk 0:03:00]}  g6 {[%clk 0:02:49]} 5. d4 {[%clk 0:02:58]}  cxd4 {[%clk 0:02:44]} 6. Nxd4 {[%clk 0:02:59]}  a6 {[%clk 0:02:39]} 7. c4 {[%clk 0:02:56]}  Bg7 {[%clk 0:02:38]} 8. Nc3 {[%clk 0:02:56]}  O-O {[%clk 0:02:38]} 9. e4 {[%clk 0:02:56]}  d6 {[%clk 0:02:37]} 10. b3 {[%clk 0:02:55]}  Qc7 {[%clk 0:02:32]} 11. Ba3 {[%clk 0:02:53]}  Rd8 {[%clk 0:02:31]} 12. Rc1 {[%clk 0:02:52]}  Nc6 {[%clk 0:02:29]} 13. Nxc6 {[%clk 0:02:32]}  bxc6 {[%clk 0:02:28]} 14. Qe2 {[%clk 0:02:28]}  Rb8 {[%clk 0:02:23]} 15. Rfd1 {[%clk 0:02:26]}  c5 {[%clk 0:02:07]} 16. f4 {[%clk 0:02:16]}  h5 {[%clk 0:02:00]} 17. Bb2 {[%clk 0:02:14]}  Bb7 {[%clk 0:01:46]} 18. h3 {[%clk 0:02:14]}  h4 {[%clk 0:01:36]} 19. g4 {[%clk 0:02:14]}  d5 {[%clk 0:01:36]} 20. e5 {[%clk 0:02:13]}  Nh7 {[%clk 0:01:05]} 21. cxd5 {[%clk 0:02:12]}  exd5 {[%clk 0:01:04]} 22. Bxd5 {[%clk 0:02:10]}  g5 {[%clk 0:00:58]} 23. Bxb7 {[%clk 0:02:07]}  Rxb7 {[%clk 0:00:51]} 24. Nd5 {[%clk 0:01:30]}  Rxd5 {[%clk 0:00:48]} 25. Rxd5 {[%clk 0:01:30]}  gxf4 {[%clk 0:00:48]} 26. Rcd1 {[%clk 0:01:15]}  Ng5 {[%clk 0:00:44]} 27. Rd8+ {[%clk 0:01:08]}  Kh7 {[%clk 0:00:39]} 28. Qc2+ {[%clk 0:01:05]}  Kh6 {[%clk 0:00:37]} 29. R8d6+ {[%clk 0:00:50]}  Ne6 {[%clk 0:00:28]} 30. Qf5 {[%clk 0:00:46]}  Bf8 {[%clk 0:00:18]} 31. Qxf4+ {[%clk 0:00:31]}  Kg7 {[%clk 0:00:16]} 32. Qf6+ {[%clk 0:00:30]}  Kg8 {[%clk 0:00:15]} 33. Rxe6 {[%clk 0:00:24]}  fxe6 {[%clk 0:00:15]} 34. Qxe6+ {[%clk 0:00:24]}  Qf7 {[%clk 0:00:15]} 35. Qxf7+ {[%clk 0:00:20]}  Kxf7 {[%clk 0:00:16]} 36. Rf1+ {[%clk 0:00:19]}  Ke6 {[%clk 0:00:09]} 37. Rxf8 {[%clk 0:00:19]} 1-0

[Event "April 9 Late 2024"]
[Site "Chess.com"]
[Date "2024.04.09"]
[Round "8"]
[White "Dmitriev, Sergey"]
[Black "Novikova, Margarita"]
[Result "1-0"]
[Board "135"]
[WhiteFideId "14101785"]
[BlackFideId "14109689"]
[WhiteTitle "FM"]
[BlackTitle "WCM"]
[WhiteElo "2006"]
[BlackElo "2195"]
[WhiteTeam "UKR"]
[BlackTeam "GER"]
[WhiteClock "0:01:06"]
[BlackClock "0:00:58"]
[Variant "Standard"]

1. e4 {[%clk 0:03:00]}  d5 {[%clk 0:02:22]} 2. exd5 {[%clk 0:02:58]}  Qxd5 {[%clk 0:02:20]} 3. Nc3 {[%clk 0:02:58]}  Qd6 {[%clk 0:02:20]} 4. Nf3 {[%clk 0:02:53]}  a6 {[%clk 0:02:18]} 5. Bc4 {[%clk 0:02:45]}  Nf6 {[%clk 0:02:16]} 6. d4 {[%clk 0:02:41]}  Bg4 {[%clk 0:02:16]} 7. O-O {[%clk 0:02:33]}  e6 {[%clk 0:02:16]} 8. Bg5 {[%clk 0:02:28]}  Nbd7 {[%clk 0:02:15]} 9. h3 {[%clk 0:02:23]}  Bh5 {[%clk 0:02:15]} 10. Re1 {[%clk 0:02:21]}  Be7 {[%clk 0:02:15]} 11. Be2 {[%clk 0:02:11]}  h6 {[%clk 0:02:14]} 12. Bh4 {[%clk 0:02:10]}  c6 {[%clk 0:02:13]} 13. Bg3 {[%clk 0:02:10]}  Qb4 {[%clk 0:02:13]} 14. Rb1 {[%clk 0:02:03]}  O-O {[%clk 0:02:12]} 15. Ne5 {[%clk 0:01:52]}  Bxe2 {[%clk 0:02:10]} 16. Qxe2 {[%clk 0:01:50]}  Nxe5 {[%clk 0:02:10]} 17. dxe5 {[%clk 0:01:50]}  Nd5 {[%clk 0:02:09]} 18. Nxd5 {[%clk 0:01:49]}  cxd5 {[%clk 0:02:09]} 19. c3 {[%clk 0:01:49]}  Qa5 {[%clk 0:02:08]} 20. a3 {[%clk 0:01:43]}  Rac8 {[%clk 0:02:05]} 21. Bf4 {[%clk 0:01:41]}  Rc4 {[%clk 0:01:51]} 22. Be3 {[%clk 0:01:28]}  Re4 {[%clk 0:01:47]} 23. Qh5 {[%clk 0:01:24]}  Qc7 {[%clk 0:01:32]} 24. Bd4 {[%clk 0:01:23]}  Rxe1+ {[%clk 0:01:20]} 25. Rxe1 {[%clk 0:01:22]}  Bc5 {[%clk 0:01:20]} 26. Qd1 {[%clk 0:01:18]}  Rc8 {[%clk 0:01:14]} 27. Bxc5 {[%clk 0:01:17]}  Qxc5 {[%clk 0:01:13]} 28. Re3 {[%clk 0:01:16]}  b5 {[%clk 0:01:09]} 29. Rg3 {[%clk 0:01:15]}  Kh7 {[%clk 0:01:05]} 30. Qd3+ {[%clk 0:01:14]}  g6 {[%clk 0:01:03]} 31. h4 {[%clk 0:01:13]}  Qb4 {[%clk 0:00:58]} 32. axb4 {[%clk 0:01:06]} 1-0

[Event "April 9 Late 2024"]
[Site "Chess.com"]
[Date "2024.04.09"]
[Round "9"]
[White "Fiorito, Francisco"]
[Black "Shankland, Sam"]
[Result "0-1"]
[Board "21"]
[WhiteFideId "180165"]
[BlackFideId "2004887"]
[WhiteTitle "FM"]
[BlackTitle "GM"]
[WhiteElo "2748"]
[BlackElo "2887"]
[WhiteTeam "ARG"]
[BlackTeam "USA"]
[WhiteClock "0:00:10"]
[BlackClock "0:00:36"]
[Variant "Standard"]

1. Nf3 {[%clk 0:03:00]}  d5 {[%clk 0:02:58]} 2. g3 {[%clk 0:02:59]}  g6 {[%clk 0:02:57]} 3. Bg2 {[%clk 0:02:58]}  Bg7 {[%clk 0:02:58]} 4. d4 {[%clk 0:02:59]}  Nf6 {[%clk 0:02:57]} 5. O-O {[%clk 0:03:00]}  O-O {[%clk 0:02:58]} 6. c4 {[%clk 0:03:00]}  Nc6 {[%clk 0:02:57]} 7. cxd5 {[%clk 0:02:57]}  Nxd5 {[%clk 0:02:58]} 8. Nc3 {[%clk 0:02:57]}  e5 {[%clk 0:02:50]} 9. Nxd5 {[%clk 0:02:48]}  e4 {[%clk 0:02:50]} 10. Nc3 {[%clk 0:02:31]}  exf3 {[%clk 0:02:49]} 11. Bxf3 {[%clk 0:02:32]}  Nxd4 {[%clk 0:02:49]} 12. Bg2 {[%clk 0:02:32]}  Bg4 {[%clk 0:02:45]} 13. Bf4 {[%clk 0:02:15]}  c6 {[%clk 0:02:39]} 14. Re1 {[%clk 0:02:00]}  Re8 {[%clk 0:02:37]} 15. Bf1 {[%clk 0:01:26]}  Qb6 {[%clk 0:02:25]} 16. Na4 {[%clk 0:01:18]}  Qa5 {[%clk 0:02:20]} 17. h3 {[%clk 0:01:10]}  Bf5 {[%clk 0:02:03]} 18. Rc1 {[%clk 0:01:01]}  Rad8 {[%clk 0:02:00]} 19. Bd2 {[%clk 0:00:58]}  Qc7 {[%clk 0:01:56]} 20. Nc3 {[%clk 0:00:53]}  Qd7 {[%clk 0:01:51]} 21. Bg5 {[%clk 0:00:51]}  Bxh3 {[%clk 0:01:13]} 22. Bxd8 {[%clk 0:00:41]}  Rxd8 {[%clk 0:01:14]} 23. Qa4 {[%clk 0:00:26]}  b5 {[%clk 0:01:12]} 24. Qa5 {[%clk 0:00:25]}  Re8 {[%clk 0:01:06]} 25. Rcd1 {[%clk 0:00:22]}  Bxf1 {[%clk 0:01:04]} 26. Rxf1 {[%clk 0:00:20]}  c5 {[%clk 0:00:54]} 27. e3 {[%clk 0:00:19]}  Nf3+ {[%clk 0:00:54]} 28. Kg2 {[%clk 0:00:19]}  Qc6 {[%clk 0:00:45]} 29. Rd5 {[%clk 0:00:17]}  Bxc3 {[%clk 0:00:44]} 30. Qxc3 {[%clk 0:00:11]}  Qxd5 {[%clk 0:00:44]} 31. e4 {[%clk 0:00:12]}  Nh4+ {[%clk 0:00:38]} 32. gxh4 {[%clk 0:00:12]}  Rxe4 {[%clk 0:00:39]} 33. Kh3 {[%clk 0:00:10]}  Qf5+ {[%clk 0:00:36]} 0-1

[Event "April 9 Late 2024"]
[Site "Chess.com"]
[Date "2024.04.09"]
[Round "9"]
[White "Galaktionov, Artem"]
[Black "Adla, Diego"]
[Result "1/2-1/2"]
[Board "23"]
[WhiteFideId "24175471"]
[BlackFideId "100072"]
[WhiteTitle "FM"]
[BlackTitle "IM"]
[WhiteElo "2874"]
[BlackElo "2699"]
[WhiteTeam "RUS"]
[BlackTeam "ARG"]
[WhiteClock "0:00:21"]
[BlackClock "0:00:16"]
[Variant "Standard"]

1. d4 {[%clk 0:02:52]}  Nf6 {[%clk 0:02:55]} 2. c4 {[%clk 0:02:48]}  e6 {[%clk 0:02:55]} 3. Nf3 {[%clk 0:02:49]}  d5 {[%clk 0:02:54]} 4. Nc3 {[%clk 0:02:49]}  Bb4 {[%clk 0:02:54]} 5. cxd5 {[%clk 0:02:49]}  Nxd5 {[%clk 0:02:53]} 6. Bg5 {[%clk 0:02:50]}  Nxc3 {[%clk 0:02:38]} 7. bxc3 {[%clk 0:02:31]}  Bxc3+ {[%clk 0:02:35]} 8. Bd2 {[%clk 0:02:32]}  Bxa1 {[%clk 0:02:35]} 9. Qxa1 {[%clk 0:02:32]}  O-O {[%clk 0:02:32]} 10. h4 {[%clk 0:02:32]}  Qd5 {[%clk 0:02:07]} 11. h5 {[%clk 0:02:32]}  h6 {[%clk 0:02:02]} 12. Rh4 {[%clk 0:02:29]}  Nc6 {[%clk 0:01:56]} 13. e4 {[%clk 0:02:28]}  Qd8 {[%clk 0:01:48]} 14. Qb2 {[%clk 0:01:55]}  e5 {[%clk 0:01:46]} 15. d5 {[%clk 0:01:53]}  Nd4 {[%clk 0:01:43]} 16. Rh1 {[%clk 0:01:52]}  Nxf3+ {[%clk 0:01:35]} 17. gxf3 {[%clk 0:01:53]}  Qf6 {[%clk 0:01:30]} 18. f4 {[%clk 0:01:40]}  Re8 {[%clk 0:01:29]} 19. Rg1 {[%clk 0:01:38]}  Kh8 {[%clk 0:01:23]} 20. f3 {[%clk 0:01:36]}  Bd7 {[%clk 0:01:09]} 21. fxe5 {[%clk 0:01:32]}  Qxf3 {[%clk 0:01:05]} 22. e6 {[%clk 0:01:32]}  Qxe4+ {[%clk 0:01:02]} 23. Be2 {[%clk 0:01:23]}  f6 {[%clk 0:01:02]} 24. Bxh6 {[%clk 0:01:23]}  Rg8 {[%clk 0:00:57]} 25. exd7 {[%clk 0:01:21]}  Qh4+ {[%clk 0:00:51]} 26. Kd2 {[%clk 0:01:01]}  gxh6 {[%clk 0:00:51]} 27. Rxg8+ {[%clk 0:01:00]}  Rxg8 {[%clk 0:00:49]} 28. Qxb7 {[%clk 0:01:00]}  Qf4+ {[%clk 0:00:43]} 29. Kc2 {[%clk 0:00:59]}  Qf5+ {[%clk 0:00:41]} 30. Bd3 {[%clk 0:00:49]}  Qxd7 {[%clk 0:00:42]} 31. Qa6 {[%clk 0:00:44]}  Qd6 {[%clk 0:00:39]} 32. Qxa7 {[%clk 0:00:37]}  Rg2+ {[%clk 0:00:38]} 33. Kc3 {[%clk 0:00:35]}  Qe5+ {[%clk 0:00:37]} 34. Kc4 {[%clk 0:00:32]}  Rg4+ {[%clk 0:00:36]} 35. Kb3 {[%clk 0:00:29]}  Qxd5+ {[%clk 0:00:36]} 36. Kc3 {[%clk 0:00:29]}  Qc6+ {[%clk 0:00:25]} 37. Kd2 {[%clk 0:00:19]}  Rg2+ {[%clk 0:00:25]} 38. Ke3 {[%clk 0:00:19]}  Qb6+ {[%clk 0:00:25]} 39. Qxb6 {[%clk 0:00:19]}  cxb6 {[%clk 0:00:26]} 40. a4 {[%clk 0:00:19]}  Ra2 {[%clk 0:00:26]} 41. Bb5 {[%clk 0:00:20]}  Kg7 {[%clk 0:00:26]} 42. Ke4 {[%clk 0:00:20]}  Rh2 {[%clk 0:00:25]} 43. Kd5 {[%clk 0:00:20]}  Rxh5+ {[%clk 0:00:25]} 44. Kc6 {[%clk 0:00:21]}  Rh3 {[%clk 0:00:23]} 45. Kxb6 {[%clk 0:00:21]}  Ra3 {[%clk 0:00:24]} 46. a5 {[%clk 0:00:22]}  h5 {[%clk 0:00:22]} 47. a6 {[%clk 0:00:22]}  h4 {[%clk 0:00:21]} 48. a7 {[%clk 0:00:23]}  Rxa7 {[%clk 0:00:16]} 49. Kxa7 {[%clk 0:00:24]}  f5 {[%clk 0:00:15]} 50. Bc6 {[%clk 0:00:24]}  Kf6 {[%clk 0:00:16]} 51. Kb6 {[%clk 0:00:25]}  Ke5 {[%clk 0:00:16]} 52. Kc5 {[%clk 0:00:25]}  Kf4 {[%clk 0:00:16]} 53. Kd4 {[%clk 0:00:25]}  Kg3 {[%clk 0:00:16]} 54. Ke3 {[%clk 0:00:25]}  h3 {[%clk 0:00:16]} 55. Ke2 {[%clk 0:00:25]}  f4 {[%clk 0:00:16]} 56. Bd5 {[%clk 0:00:25]}  h2 {[%clk 0:00:15]} 57. Bf3 {[%clk 0:00:24]}  Kh4 {[%clk 0:00:14]} 58. Kf2 {[%clk 0:00:24]}  Kh3 {[%clk 0:00:15]} 59. Be4 {[%clk 0:00:22]}  h1=Q {[%clk 0:00:15]} 60. Bxh1 {[%clk 0:00:22]}  f3 {[%clk 0:00:16]} 61. Bxf3 {[%clk 0:00:21]} 1/2-1/2